Loading...
Fine Arts - Classical Music | 0 | 6 | 0 | 0 | 60 | 119 | 125.50 | 2 | 6 |
Science - Chemistry | 0 | 5 | 0 | 0 | 50 | 70 | 92.20 | 3 | 5 |
Fine Arts - Painting and Sculpture | 0 | 5 | 1 | 1 | 45 | 81 | 123.00 | 2 | 5 |
Social Science | 0 | 4 | 0 | 2 | 40 | 46 | 95.50 | 1 | 4 |
Literature - American Literature | 0 | 4 | 0 | 0 | 40 | 34 | 65.50 | 4 | 4 |
Science - Biology | 0 | 4 | 0 | 1 | 40 | 56 | 101.25 | 2 | 4 |
Philosophy | 0 | 2 | 0 | 0 | 20 | 92 | 107.50 | 1 | 2 |
Pop Culture | 0 | 2 | 0 | 1 | 20 | 47 | 62.00 | 0 | 2 |
Literature - World Literature | 0 | 2 | 1 | 0 | 15 | 121 | 130.50 | 1 | 2 |
Literature - European Literature | 0 | 2 | 1 | 0 | 15 | 89 | 92.00 | 2 | 2 |
Religion | 0 | 1 | 0 | 1 | 10 | 140 | 140.00 | 1 | 1 |
Literature - British Literature | 0 | 2 | 2 | 0 | 10 | 111 | 124.50 | 2 | 2 |
Science - Other Science | 0 | 1 | 0 | 0 | 10 | 71 | 71.00 | 1 | 1 |
Mythology | 0 | 1 | 0 | 0 | 10 | 130 | 130.00 | 1 | 1 |
Fine Arts - Other Fine Arts | 0 | 1 | 2 | 0 | 0 | 72 | 72.00 | 1 | 1 |